=LDR 00000nam 2200000 4500 =001 INLIS000000000011397 =005 20130612102950 =008 ***********************************Ind** =035 ##$$0010-061300000011397 =041 ##$$a Ind =082 ##$$a 372.7 =090 ##$$a 372.7, Tum i =100 ##$$a Tumardi =245 ##$$a Implementasi kurikulum Pendidikan Dasar 1994 pelajaran Matematika untuk kelas 4 SD, Tumadi, M Kosim, Sri utami =260 ##$$a 1994 $b Solo =300 ##$$a 40 hlm., ilus, 28 cm =650 ##$$a Pendidikan dasar - Matematika =700 ##$$a Kosim, m, Sri Utami =850 ##$$a NBPNMAT